000 01222nam a2200385Ia 4500
001 dia_6235
003 CHAP
005 20251021153124.0
008 220117s1973 xx 000 0 und d
010 _a177701
020 _a0-87055-011-X
040 _cCHAP
082 _a637.5 E34 1973
245 _aEgg science and technology /
_c edición William J. Stadelman y Owen J. Cotterill
260 _aEstados Unidos de América :
_b AVI,
_c1973
300 _avi, 314 p.
504 _aIncluye bibliografías
590 _aSF490 E34 1973
650 _aEgg production
_9152446
650 _aEgg products
_9154628
650 _aEggs
_9151383
650 _aEggs
_xFood processing
_9154629
650 _aEggs
_xTrade
_9154630
650 _aHuevos
_956738
650 _aHuevos
_xComercio
_9154631
650 _aHuevos
_xProcesamiento de alimentos
_9154632
650 _aProducción de huevos
_9152450
650 _aProductos derivados del huevo
_9154633
700 _aCotterill, Owen J., ed.
_9154634
700 _aStadelman, William J., ed.
_9154635
901 _a637.5 E34 1973
902 _aA
905 _a5232271973 -usamn 8222223322eng16
942 _cLIBRO
_2ddc
999 _c177701
_d177701